| 000 | 00605nam a2200181Ia 4500 | ||
|---|---|---|---|
| 008 | 090124s9999 xx 000 0 und d | ||
| 082 | _b132750 | ||
| 100 | _aवडनेरकर प्रीती | ||
| 245 | _a कहाणी स्त्री जन्माची | ||
| 250 | _a1 | ||
| 260 | _c2004 | ||
| 300 | _a98 | ||
| 600 | _aवडनेरकर प्रीती | ||
| 630 | _a कहाणी स्त्री जन्माची | ||
| 700 | _aवडनेरकर प्रीती | ||
| 730 | _a कहाणी स्त्री जन्माची | ||
| 942 | _cBOOK | ||
| 999 |
_c178884 _d178884 |
||